000 00603nam a2200229 i 4500
001 C2-0228174
003 PPAK
005 20180728155358.0
008 000807s1967 enk |||| ||||| | eng d
040 _aPPAK
_beng
_cPPAK
_erda
082 0 4 _a920
_223
090 0 0 _a920
_bVIT
_dKSI
100 1 _aVittachi, Tarzie,
_eauthor
245 1 4 _aThe fall of Sukarno
264 1 _aLondon :
_bMayflower - Dell Paperback ,
_c1967
300 _a192 pages ;
_c18 cm
336 _2rdacontent
_atext
337 _2rdamedia
_aunmediated
338 _2rdacarrier
_avolume
650 1 0 _aBiographies
942 _ddc
_cB
999 _c148114
_d148114